000
00322nam a2200145Ia 4500
003
OSt
005
20231229100714.0
008
170523s9999 xx 000 0 und d
020
_a
9780070648074
040
_c
IIMTU
100
_a
Bali- S.P.
245
0
_a
Linear Integrated Circuits
260
_a
T.M.H.
942
_2
ddc
_c
02
999
_c
12114
_d
12114